000
00296nam a22001337a 4500
008
170921b xxu||||| |||| 00| 0 eng d
020
_a
9780393928884
041
_a
eng
080
_2
10TH
_a
78
100
_a
45
101
_a
MUZ
245
_a
THE ENJOYMENT OF MUSIC
_c
FORNEY,K
942
_2
udc
_c
BK
999
_c
28756
_d
28756